00305nam a2200109Ia 4500008004100000041000800041082002700049100001900076245005400095260003700149300000900186230411s9999 xx 000 0 und d aeng aCH/610.7349/JOS/B07358 aJoshi Sonopant aDisaster Management for Health Care Professionals bJaypee BrothersaNew Delhic2012 a156p